000 00467nam a2200169Ia 4500
003 OSt
005 20240812101008.0
008 221216s9999||||xx |||||||||||||| ||und||
040 _cChuka University Library
050 _aLC 65
_b.B57 1970
100 _aBlaug, Mark
_91788
245 3 _aAn introduction to the economics of education
260 _aPenguin Books
_bMiddlex
_c1970
300 _a363p.
650 _aEducation -- economic aspects
_917439
942 _cBK
_2lcc
999 _c2553
_d2553